Nhận dạng một số loài Bò sát - Ếch nhái ở Việt Nam
שמור ב:
| פורמט: | ספר |
|---|---|
| שפה: | Undetermined |
| יצא לאור: |
Thành phố Hồ Chí Minh
Nông nghiệp
2005
|
| נושאים: | |
| תגים: |
הוספת תג
אין תגיות, היה/י הראשונ/ה לתייג את הרשומה!
|
| Thư viện lưu trữ: | Trung tâm Học liệu Trường Đại học Cần Thơ |
|---|
| LEADER | 00550nam a2200169Ia 4500 | ||
|---|---|---|---|
| 001 | CTU_75901 | ||
| 008 | 210402s9999 xx 000 0 und d | ||
| 082 | |a 597.9 | ||
| 082 | |b Nh121 | ||
| 245 | 0 | |a Nhận dạng một số loài Bò sát - Ếch nhái ở Việt Nam | |
| 245 | 0 | |c Nguyễn Văn Sáng, ... [et al.] | |
| 260 | |a Thành phố Hồ Chí Minh | ||
| 260 | |b Nông nghiệp | ||
| 260 | |c 2005 | ||
| 650 | |a Reptiles,Frogs | ||
| 904 | |i Nguyên,Hải | ||
| 980 | |a Trung tâm Học liệu Trường Đại học Cần Thơ | ||